|
|
|
|
| LEADER |
01347nam a2200373Ia 4500 |
| 001 |
EBC556425 |
| 003 |
MiAaPQ |
| 005 |
20200520144314.0 |
| 006 |
m o d | |
| 007 |
cr cn||||||||| |
| 008 |
050805s2005 ne sb 000 0 eng d |
| 020 |
|
|
|z 9789042019751
|
| 020 |
|
|
|z 9042019751 (pbk.)
|
| 035 |
|
|
|a (MiAaPQ)EBC556425
|
| 035 |
|
|
|a (Au-PeEL)EBL556425
|
| 035 |
|
|
|a (CaPaEBR)ebr10380159
|
| 035 |
|
|
|a (OCoLC)714567222
|
| 040 |
|
|
|a MiAaPQ
|c MiAaPQ
|d MiAaPQ
|
| 050 |
|
4 |
|a HC140.P6
|b D54 2005
|
| 100 |
1 |
|
|a Dieterlen, Paulette,
|d 1947-
|
| 245 |
1 |
0 |
|a Poverty
|h [electronic resource] :
|b a philosophical approach /
|c Paulette Dieterlen.
|
| 260 |
|
|
|a Amsterdam ;
|a New York, NY :
|b Rodopi,
|c 2005.
|
| 300 |
|
|
|a 176 p.
|
| 490 |
1 |
|
|a Rodopi philosophical studies ;
|v 6
|
| 504 |
|
|
|a Includes bibliographical references.
|
| 533 |
|
|
|a Electronic reproduction. Ann Arbor, MI : ProQuest, 2015. Available via World Wide Web. Access may be limited to ProQuest affiliated libraries.
|
| 650 |
|
0 |
|a Poor
|z Mexico.
|
| 650 |
|
0 |
|a Poverty
|z Mexico.
|
| 651 |
|
0 |
|a Mexico
|x Economic conditions
|y 1994-
|
| 651 |
|
0 |
|a Mexico
|x Social policy.
|
| 655 |
|
4 |
|a Electronic books.
|
| 710 |
2 |
|
|a ProQuest (Firm)
|
| 830 |
|
0 |
|a Rodopi philosophical studies ;
|v 6.
|
| 856 |
4 |
0 |
|u https://ebookcentral.proquest.com/lib/matrademy/detail.action?docID=556425
|z Click to View
|